000 00677nam a2200265 a 4500
003 AR-BaBNM
005 20251128210903.0
008 082120s2002 ||||||||||||||000 | spa||
020 _a84-95258-04-8
040 _cAR-BaBNM
100 1 _aSchujman, Héctor
245 0 0 _aLa revolución desconocida
_bUcrania, 1917-1921
260 _aMadrid
_bNossa y Jara Editores
_c2000
300 _a641 p.
_bmapas
650 4 _aHISTORIA POLITICA
650 4 _aHISTORIA SOCIAL
650 4 _aREVOLUCION
650 4 _aIDEOLOGIAS
650 4 _aHISTORIA DE LAS IDEAS
650 4 _aCIENCIAS POLITICAS
650 4 _aGUERRA
650 4 _aCOMUNISMO
942 _cBK
998 _cMariana
999 _c17308
_d17308